Vědecký světový názor a hodnoty socialistického člověka /
Uložené v:
| Hlavný autor: | |
|---|---|
| Médium: | Kniha |
| Jazyk: | Czech |
| Vydané: |
Praha :
Mladá fronta,
1977
|
| Vydanie: | 1. vyd. |
| Edícia: | Most
sv. 16 |
| ISBN: |
(brož.) |
| Fyzický popis: |
221, [2] s. |
| Tagy: |
Pridať tag
Žiadne tagy, Buďte prvý kto otaguje tento záznam!
|
Titul je dostupný aj v ... 

MARC
| LEADER | 00000nam a22000001 4500 | ||
|---|---|---|---|
| 001 | 000171021 | ||
| 005 | 20091027200150.0 | ||
| 008 | 970103s1977 xr cze d | ||
| 020 | |a (brož.) | ||
| 040 | |a SVKKK |b slo |c SVKKK |e AACR2 | ||
| 041 | 0 | |a cze | |
| 044 | |a xr |c CZ | ||
| 245 | 0 | 0 | |a Vědecký světový názor a hodnoty socialistického člověka / |c Josef Mužík ... [et al.]. |
| 250 | |a 1. vyd. | ||
| 260 | |a Praha : |b Mladá fronta, |c 1977 |f (Mír 5) | ||
| 300 | |a 221, [2] s. | ||
| 366 | |e 5000 výt. | ||
| 490 | 1 | |a Most |v sv. 16 | |
| 500 | |a Poznámky | ||
| 504 | |a Odkazy na lit. | ||
| 500 | |a Obálka Josef Týfa | ||
| 700 | 1 | |a Mužík, Josef |d 1928- |4 aut | |
| 830 | 0 | |a Most |v sv. 16 | |
| 910 | |a svkkk | ||
| 998 | |a BK | ||
| 090 | |g SCKHL |k Sklad Pribinova 2. posch. |a II.237634 |j 573109 |i 2720208324 |s Absenčne | ||
| 090 | |g SCKHL |k Sklad Pribinova 2. posch. |a II.237635 |j 573110 |i 171021-20 |s Absenčne | ||
| 090 | |g SCKHL |k Sklad Pribinova 2. posch. |a II.237636 |j 573111 |i 171021-30 |s Absenčne | ||
| 090 | |g SCKHL |k Sklad Pribinova 2. posch. |a II.237637 |j 573112 |i 171021-40 |s Absenčne | ||